Public enterprises disinvestment methods: (Record no. 506429)

000 -LEADER
fixed length control field 00479nam a2200169Ia 4500
008 - FIXED-LENGTH DATA ELEMENTS--GENERAL INFORMATION
fixed length control field 181130s2018 xx 000 0 und d
100 ## - MAIN ENTRY--PERSONAL NAME
Personal name Dhameja, Nand L.
245 ## - TITLE STATEMENT
Title Public enterprises disinvestment methods:
Remainder of title analysis and challenges
260 ## - PUBLICATION, DISTRIBUTION, ETC.
Date of publication, distribution, etc. 2018
300 ## - PHYSICAL DESCRIPTION
Extent p.15-22.
504 ## - BIBLIOGRAPHY, ETC. NOTE
-- Jan-Mar
650 ## - SUBJECT ADDED ENTRY--TOPICAL TERM
Topical term or geographic name entry element Disinvestment
650 ## - SUBJECT ADDED ENTRY--TOPICAL TERM
Topical term or geographic name entry element Public enterprise
650 ## - SUBJECT ADDED ENTRY--TOPICAL TERM
Topical term or geographic name entry element Public sector
773 ## - HOST ITEM ENTRY
Main entry heading Indian Journal of Training and Development
906 ## - LOCAL DATA ELEMENT F, LDF (RLIN)
a Public sector
Holdings
Withdrawn status Lost status Damaged status Not for loan Permanent Location Current Location Date acquired Serial Enumeration / chronology Barcode Date last seen Price effective from Koha item type
        Indian Institute of Public Administration Indian Institute of Public Administration 2018-12-07 48(1), Jan-Mar, 2018: p.15-22. AR118224 2018-12-07 2018-12-07 Articles

Powered by Koha